| 000 | 00607nam a22001817a 4500 | ||
|---|---|---|---|
| 003 | OSt | ||
| 008 | 260519b |||||||| |||| 00| 0 eng d | ||
| 020 | _a9789363461079 | ||
| 082 |
_a631.584 _bW17P |
||
| 100 | _aWalia , S.S. | ||
| 245 |
_aPrinciples and Practices of Natural Farming/ _bby S.S. Walia , Tamanpreet Kaur and N Ravisankar |
||
| 260 |
_aJodhpur: _bScientific Publishers; _c2025. |
||
| 300 | _aviii, 218 p. | ||
| 650 | _a Agriculture and related technologies | Technology (Applied sciences) | Natural farming | ||
| 700 | _aKaur , Tamanpreet | ||
| 700 | _aRavisankar, N | ||
| 942 |
_2ddc _cBK |
||
| 999 |
_c50670 _d50670 |
||